Southville International School and Colleges
Your cart is empty.
  • Cart
  • Lists
    Public lists Eva Luna New books Lux_list list_1
    Your lists Log in to create your own lists
  • Log in to your account
  • Your cookies
  • Search history
Southville International School and Colleges
  • Advanced search
  • Recent comments
  • Most popular
  • Libraries

Log in to your account

Log in with GOOGLE


If you do not have an external account, but do have a local account, you can still log in:

  1. Home
  2. MARC view: Three little pigs, The /
Normal view MARC view ISBD view

Three little pigs, The / (Record no. 111795)

[ view plain ]
MARC details
000 -LEADER
fixed length control field 00517nam a2200193 a 4500
001 - CONTROL NUMBER
control field 1280
005 - DATE AND TIME OF LATEST TRANSACTION
control field 20140414131922.0
008 - FIXED-LENGTH DATA ELEMENTS--GENERAL INFORMATION
fixed length control field 041220s19uu xx 00 eng d
020 ## - INTERNATIONAL STANDARD BOOK NUMBER
International Standard Book Number 1-85422-593-6
050 ## - LIBRARY OF CONGRESS CALL NUMBER
Classification number ER
Item number T41 1993
245 ## - TITLE STATEMENT
Title Three little pigs, The /
Statement of responsibility, etc illustrated by Van Gool.
260 ## - PUBLICATION, DISTRIBUTION, ETC. (IMPRINT)
Name of publisher, distributor, etc Magna Books,
Date of publication, distribution, etc 1993.
300 ## - PHYSICAL DESCRIPTION
Extent 1 v. p. : ill. ; cm.
440 ## - SERIES STATEMENT/ADDED ENTRY--TITLE
Title A Magna little fairy tale
650 ## - SUBJECT ADDED ENTRY--TOPICAL TERM
Topical term or geographic name as entry element Pigs
General subdivision Fiction.
650 ## - SUBJECT ADDED ENTRY--TOPICAL TERM
Topical term or geographic name as entry element Houses
General subdivision Fiction.
650 ## - SUBJECT ADDED ENTRY--TOPICAL TERM
Topical term or geographic name as entry element Children stories.
Holdings
Withdrawn status Lost status Damaged status Use restrictions Home library Current library Shelving location Date acquired Source of acquisition Total Checkouts Full call number Barcode Date last seen Price effective from Koha item type
        Munich Library Munich Library Easy Reading Section 12/20/2004     ER T41 1993 M2691 04/14/2014 04/14/2014 Books

Three little pigs, The /

APA

(1993). Three little pigs, The. : Magna Books.

Chicago

1993. Three little pigs, The. : Magna Books.

Harvard

(1993). Three little pigs, The. : Magna Books.

MLA

Three little pigs, The. : Magna Books. 1993.

  • Place hold
  • Print
  • Cite
  • Add to your cart (remove)
  • Save record
    BIBTEX Dublin Core MARCXML MARC (non-Unicode/MARC-8) MARC (Unicode/UTF-8) MARC (Unicode/UTF-8, Standard) MODS (XML) RIS
  • More searches
    Search for this title in:
    Other Libraries (WorldCat) Other Databases (Google Scholar) Online Stores (Bookfinder.com) Open Library (openlibrary.org)

Exporting to Dublin Core...

SOUTHVILLE LIBRARY

Southville International School and Colleges Library

1281 Tropical Ave. Cor. Luxembourg St., BF Homes International, Las Pinas City

Tel. No. 8256374 / 252358 Loc. 117/146

Powered by Koha